000 01459naa a22003857a 4500
001 BR8401874
003 BR-BrBNA
005 20250721154435.0
007 ta
008 250630b bl.|||m| |||| 00| 0 por d
040 _aBR-BrBNA
_bpor
_cBiblioteca Nacional de Agricultura
041 _a(Pt)
072 _aF00
_b1112
_bG514
090 _aF00 BR8401874
100 1 _aGomes, J.A.
111 1 _a1. Simposio sobre Bananeira Prata
_cCariacica, ES (Brazil)
_d7-11 Nov 1983
245 1 _aPlantio e praticas culturais da bananeira cultivar prata [Musa acuminata, Espirito Santo, Brasil]
246 1 _a[Planting and cultivation practices of banana Tree cultivar "prata" [Musa acuminata, Espirito Santo, Brazil]]
246 1 _a[Annals of the 1. Symposium on Banana Tree Cultivar "Prata"]
500 _aAnais do 1. Simposio sobre Bananeira Prata Cariacica, ES (Brasil): 1983. p. 70-89 [10 illus.; 16 ref.] (BR8401874-AMS)
773 0 _tAnais do 1. Simposio sobre Bananeira Prata
_wF00 BR8401874
_gCariacica, ES (Brasil), 1983. p. 70-89
650 _aBANANA PRATA
650 _aPLANTIO
650 _aSOLO
650 _aMUDA
650 _aESPACAMENTO
650 _aDESBASTE
650 _aERVA DANINHA
650 _aDESFOLHA
650 _aCAPINA
650 _aESPIRITO SANTO
490 _aDocumentos - Empresa Capixaba de Pesquisa Agropecuaria (Brazil)
_vno. 4
_xISSN 0101-8949
942 _cAMS
_2AGRIS
909 _a202506
_bLúcia
_c55
_dLúcia Elande
999 _c334781
_d334781